01774cam a2200157 450050000500170000004100080001704200070002510000290003270000330006170000300009424500920012426000460021652012110026285601220147399900210159520260329025555.0 afre adc10aEngels, Jens Ivoeauthor10aMonier, Frédériceauthor10aPetiteau, Natalieeauthor00aLa politique vue d'en bas : Pratiques privées et débats publics - 19e-20e siècles bArmand Colin, c2012.  aPremier volume d’une série consacrée à l’étude des coulisses du politique à l’époque contemporaine, ce livre collectif est consacré à une histoire comparatiste du politique dans l’espace européen. Deux grandes questions sont examinées ici : les formes d’apprentissage de la politique en Europe au temps du Premier Empire d’un côté, les débats publics sur la corruption politique et l’évolution des pratiques de faveur, en France et en Allemagne, de l’autre. Il s’agit, dans les deux cas, de chercher à savoir comment s’est formé l’homo politicus à l’époque contemporaine, et comment il en est venu à définir le bien commun, en actes et en discours. Au-delà d’une grande diversité dans les terrains d’enquête, ces études dessinent une histoire où les acteurs ordinaires entretiennent des relations complexes avec les gouvernants, où les sphères publiques, si souvent conflictuelles, abritent pamphlets et rumeurs, et où les pratiques de pouvoir révèlent l’existence de normes ambivalentes, voire contradictoires. Autant de jalons pour une nouvelle anthropologie historique du politique à l’échelle européenne.41uhttps://shs.cairn.info/la-politique-vue-d-en-bas-pratiques-privees-debats--9782200274351?lang=fr&redirect-ssocas=7080 c1938862d1938862